Construir el futuro de la educación en México : (Record no. 209120)

MARC details
000 -CABECERA
campo de control de longitud fija 01203nam a22003137a 4500
003 - IDENTIFICADOR DEL NÚMERO DE CONTROL
campo de control MX-MxUPN
005 - FECHA Y HORA DE LA ÚLTIMA TRANSACCIÓN
campo de control 20260414122606.0
008 - ELEMENTOS DE LONGITUD FIJA--INFORMACIÓN GENERAL
campo de control de longitud fija 230210s20202021mx |||fr |||f001 0 spa d
020 ## - NÚMERO INTERNACIONAL NORMALIZADO PARA LIBROS
Número Internacional Estándar del Libro 9786078829910
040 ## - FUENTE DE LA CATALOGACIÓN
Centro catalogador/agencia de origen MX-MxUPN
Centro/agencia transcriptor MX-MxUPN
Lengua de catalogación spa
041 0# - CÓDIGO DE IDIOMA
Código de lengua del texto/banda sonora o título independiente spa
050 04 - SIGNATURA TOPOGRÁFICA DE LA BIBLIOTECA DEL CONGRESO
Número de clasificación LA422
Número de documento/Ítem C667 2020
100 1# - ASIENTO PRINCIPAL--NOMBRE PERSONAL
Nombre de persona Naranjo Flores, Gabriela Begonia
9 (RLIN) 47821
100 1# - ASIENTO PRINCIPAL--NOMBRE PERSONAL
Nombre de persona Justo Garza, Susana
9 (RLIN) 28807
100 1# - ASIENTO PRINCIPAL--NOMBRE PERSONAL
Nombre de persona Miranda López, Francisco
9 (RLIN) 29334
245 10 - MENCIÓN DE TÍTULO
Título Construir el futuro de la educación en México :
Resto del título hacia una agenda de política educativa nacional
250 ## - MENCIÓN DE EDICIÓN
Mención de edición Primera edición
260 ## - PUBLICACIÓN, DISTRIBUCIÓN, ETC.
Lugar de publicación, distribución, etc. Ciudad de México :
Nombre del editor, distribuidor, etc. Comisión Nacional para la Mejora Continua de la Educación,
Fecha de publicación, distribución, etc. 2020.
300 ## - DESCRIPCIÓN FÍSICA
Extensión 23 páginas
500 ## - NOTA GENERAL
Nota general Al pie de la portada: Gobierno de México. Mejoredu.
504 ## - NOTA DE BIBLIOGRAFÍA, ETC.
Nota de bibliografía, etc. Incluye referencias bibliográficas
650 #4 - ASIENTO SECUNDARIO DE MATERIA - TERMINO TEMATICO
Término de materia o nombre geográfico como elemento de entrada Educación y Estado
Subdivisión geográfica México
9 (RLIN) 476
650 #4 - ASIENTO SECUNDARIO DE MATERIA - TERMINO TEMATICO
Término de materia o nombre geográfico como elemento de entrada Educación
Subdivisión general Planificación
Subdivisión geográfica México
9 (RLIN) 13915
650 #4 - ASIENTO SECUNDARIO DE MATERIA - TERMINO TEMATICO
Término de materia o nombre geográfico como elemento de entrada Educación y Estado
Subdivisión geográfica México
Subdivisión general Historia
9 (RLIN) 18774
700 1# - ASIENTO SECUNDARIO--NOMBRE DE PERSONAL
9 (RLIN) 29334
Nombre de persona Miranda López, Francisco
Término indicativo de función/relación coordinador
902 ## - ELEMENTOS DE DATOS B LOCAL, LDB (RLIN)
Creó GabrielCapula/100223
Modificó NoemiAcosta/170223
-- MaríaRobles/100125
942 ## - ELEMENTOS DE PUNTO DE ACCESO ADICIONAL (KOHA)
Fuente del sistema de clasificación o colocación Library of Congress Classification
Tipo de ítem Koha Libro
Suprimir en OPAC No
Holdings
Estado de retiro Estado de pérdida Fuente del sistema de clasificación o colocación Estado dañado No para préstamo Código de colección Localización permanente Ubicación/localización actual Ubicación en estantería Fecha de adquisición Clasificación Código de barras Fecha visto por última vez Precio válido a partir de Tipo de ítem Koha
    Library of Congress Classification   Disponible (Préstamo en sala) Folletería Bib. Gregorio Torres Quintero Bib. Gregorio Torres Quintero Colecciones especiales Planta alta 10/02/2023 LA422 C667 2020 336207 10/02/2023 10/02/2023 Folleto